Loading...
Fine Arts - Classical Music | 0 | 7 | 0 | 0 | 70 | 70 | 91.43 | 0 | 4 |
Science - Other Science | 0 | 6 | 0 | 0 | 60 | 35 | 54.17 | 3 | 5 |
Science - Physics | 0 | 4 | 0 | 0 | 40 | 62 | 75.00 | 0 | 1 |
Science - Chemistry | 0 | 4 | 0 | 2 | 40 | 74 | 90.50 | 0 | 1 |
Literature - World Literature | 0 | 3 | 0 | 0 | 30 | 76 | 100.67 | 0 | 0 |
History - Other History | 0 | 2 | 0 | 0 | 20 | 70 | 79.00 | 0 | 2 |
History - World History | 0 | 2 | 0 | 0 | 20 | 69 | 73.00 | 0 | 0 |
Literature - American Literature | 0 | 2 | 0 | 1 | 20 | 112 | 114.50 | 0 | 0 |
Literature - British Literature | 0 | 2 | 0 | 1 | 20 | 70 | 93.50 | 0 | 0 |
Geography | 0 | 2 | 0 | 1 | 20 | 97 | 102.00 | 0 | 0 |
History - American History | 0 | 2 | 0 | 0 | 20 | 72 | 74.00 | 1 | 1 |
Religion | 0 | 2 | 0 | 1 | 20 | 89 | 100.00 | 0 | 1 |
Social Science | 0 | 1 | 0 | 0 | 10 | 74 | 74.00 | 0 | 0 |
History - European History | 0 | 1 | 0 | 0 | 10 | 95 | 95.00 | 0 | 0 |
Literature - European Literature | 0 | 1 | 0 | 0 | 10 | 85 | 85.00 | 0 | 1 |
Pop Culture | 0 | 1 | 1 | 0 | 5 | 25 | 25.00 | 1 | 1 |
Philosophy | 0 | 1 | 1 | 0 | 5 | 88 | 88.00 | 0 | 0 |
Painting/Sculpture | 0 | 1 | 1 | 0 | 5 | 102 | 102.00 | 0 | 0 |
Fine Arts - Other Fine Arts | 0 | 1 | 1 | 0 | 5 | 74 | 74.00 | 1 | 1 |